000 00678nam a22002417a 4500
003 UA-OsUOA
001 91799
007 ta
008 20121205b un ||||| |||| 00| 0 ukr d
100 _aMaksymenko S. D.
090 _a[159.9+37](075.8)
_bМ17
942 _cBK
040 _aUA-OsUOA
_beng
_cUA-OsUOA
_dUA-OsUOA
245 _aPsycholoy and Pedagogics
_btext-book
_cYevtukh M. B., Tsekhmister Y.V., Maksymenko K. S., Lazurenko O.O.
300 _a520 с.
955 _a2
041 _aeng
080 _a[159.9+37](075.8)
020 _a978-966-194-112-9
260 _aК.
_bPublishing house "Slovo"
_c2012
650 7 _a159.9 Психологія
_2UDC
999 _c378059
_d378059